000 00751nam a22002417a 4500
005 20170124110153.0
010 _aB-209677
020 _c495.00
_a8172861702
035 _aB-209677
037 _bCen Lib/Ret
040 _aDPL
_bEN
082 _a618.32042
_bAMN
245 _aAmniotic fluid /
_cedited by Kamini A. Rao [and] Michael G. Ross
260 _aBangalore
_bPrism Books
_c1999
270 _a1865, 32nd Cross, BSK II Stage
_bBangalore
_e560070
300 _axvi, 232p. :
_c24cm(Hb)
_bill.
500 _aIncludes index
650 _aAmniotic liquid
_934550
650 _aFetus--Diseases--Diagnosis
_934551
700 _aRao, Kamini A
_934552
700 _a Ross, Michael G
_934553
942 _2ddc
_cEN
_h618.32042
_mAMN
999 _c132385
_d132385